Slovenskí vývozcovia v decembri sviatkovali
Vývoj obchodnej bilancie v r. 2000. Zhoršenie v štvrtom kvartáli, kedy dovoz presiahol vývoz. Porovnanie s r. 1999. V r. 2001 by sa mal schodok zahraničného obchodu pohybovať okolo 5 perc. HDP. Vývoj dovozu v r. 2000. Najdynamickejšie rástol vlani vývoz strojárskych firiem. Rast vývozu ropy a ropnýc...
Salvato in:
| Autore principale: | |
|---|---|
| Natura: | Capitolo di libro |
| Lingua: | slovacco |
| Soggetti: | |
| Tags: |
Nessun Tag, puoi essere il primo ad aggiungerne!!
|
MARC
| LEADER | 00000naa a2200000 4500 | ||
|---|---|---|---|
| 001 | r040689 | ||
| 005 | 20230921111116.8 | ||
| 041 | 0 | |a slo | |
| 044 | |a SK | ||
| 245 | 1 | 0 | |a Slovenskí vývozcovia v decembri sviatkovali |c Rado Baťo |
| 520 | |a Vývoj obchodnej bilancie v r. 2000. Zhoršenie v štvrtom kvartáli, kedy dovoz presiahol vývoz. Porovnanie s r. 1999. V r. 2001 by sa mal schodok zahraničného obchodu pohybovať okolo 5 perc. HDP. Vývoj dovozu v r. 2000. Najdynamickejšie rástol vlani vývoz strojárskych firiem. Rast vývozu ropy a ropných produktov ovplyvnilo zvýšenie cien ropy dovážanej z Ruska. Oživenie investičného dovozu v poslednom minuloročnom štvrťroku. | ||
| 610 | 2 | 0 | |a bilancia obchodná |
| 610 | 2 | 0 | |a obchod zahraničný |
| 610 | 2 | 0 | |a vývoz |
| 610 | 2 | 0 | |a dovoz |
| 610 | 2 | 0 | |a deficit |
| 610 | 2 | 0 | |a dovoz celkov investičných |
| 610 | 2 | 0 | |a saldo |
| 610 | 2 | 0 | |a výrobky strojárske |
| 610 | 2 | 0 | |a Slovensko |
| 610 | 2 | 0 | |a október-december |
| 610 | 2 | 0 | |a 2000 |
| 100 | 1 | |a Baťo, Rado | |